Aquatic science : marine fisheries biology : 4-H member guide.

Bibliographic Details
Main Author: Davis, James T. (James Tuttle), 1930-
Corporate Author: Texas A&M University. Sea Grant College Program
Other Authors: Sizemore, Deborah Lightfoot, Harper, Donald Ernest, 1940-
Format: Government Document Book
Language:English
Published: College Station : Texas A&M University Sea Grant College Program, [1992]
Edition:[Revision].
Series:TAMU-SG (Series) ; no. 92-401.
Subjects:
Online Access:Available freely at TAMU Sea Grant Texas Site

MARC

Tag First Indicator Second Indicator Subfields
LEADER 00000cam a2200000 a 4500
001 in00001082425
005 20230721193041.5
008 920814s1992 txu s000 0 eng d
035 |a (OCoLC)26392814 
035 |9 AFR0283AM 
040 |a IKM  |c IKM  |d TXA  |d UtOrBLW 
049 |a TXAS [tamu] 
086 |a Z TA465.7 Se11 no. 92-401  |2 txdocs 
090 |a GC1015  |b T3 no.92-401 
100 1 |a Davis, James T.  |q (James Tuttle),  |d 1930- 
245 1 0 |a Aquatic science :  |b marine fisheries biology : 4-H member guide. 
250 |a [Revision]. 
264 1 |a College Station :  |b Texas A&M University Sea Grant College Program,  |c [1992] 
300 |a 15 pages :  |b illustrations ;  |c 28 cm. 
336 |a text  |b txt  |2 rdacontent 
337 |a unmediated  |b n  |2 rdamedia 
338 |a volume  |b nc  |2 rdacarrier 
490 1 |a TAMU-SG ; 92-401 
500 |a "Revision of TAMU-SG-79-405 originally written by James T. Davis and Deborah J. Lightfoot. Donald Harper ... provided assistance with the revisions"--P. 1. 
650 0 |a Oceanography  |x Study and teaching  |z Mexico, Gulf of. 
650 0 |a Marine biology  |x Study and teaching  |z Mexico, Gulf of. 
700 1 |a Sizemore, Deborah Lightfoot. 
700 1 |a Harper, Donald Ernest,  |d 1940- 
710 2 |a Texas A&M University.  |b Sea Grant College Program. 
830 0 |a TAMU-SG (Series) ;  |v no. 92-401. 
856 4 1 |u https://drive.google.com/file/d/1b1LTCgcuRal1lxaO3JHe9nIRyornZm53/view  |z Available freely at TAMU Sea Grant Texas Site  |t 0 
999 |a MARS 
999 f f |s 310e1b94-7f0e-36c1-a445-da31857cf48e  |i 97d7eccd-41ec-38d0-9c6c-fd45e7d8e582  |t 0 
952 f f |p noncirc  |a Texas A&M University  |b College Station  |c Cushing Memorial Library & Archives  |d Cushing: Texas A&M Publications (Remote Storage: 2-3 day retrieval)  |t 0  |e GC1015 .T3 no.92-401  |h Library of Congress classification  |i unmediated -- volume  |m A14816239753 
952 f f |p noncirc  |a Texas A&M University  |b College Station  |c Cushing Memorial Library & Archives  |d Cushing: Texas A&M (Does not check out)  |t 0  |e GC1015.T3 no.92-401  |h Library of Congress classification  |i unmediated -- volume 
998 f f |a GC1015 .T3 no.92-401  |t 0  |l Cushing: Texas A&M Publications (Remote Storage: 2-3 day retrieval) 
998 f f |a GC1015.T3 no.92-401  |t 0  |l Cushing: Texas A&M (Does not check out)